| Поле | Название | Значение |
| |
Тип записи |
a |
| |
Библиографический уровень |
m |
| 001 |
Контрольный номер |
dbf542b54b924ef5b901b40cc61d0a7b |
| 005 |
Дата корректировки |
20201206205140.8 |
| 010 |
Индекс ISBN |
__ |
| a |
ISBN |
978-5-04-091542-2 (в пер.) |
| d |
Цена |
479-60, 1000 экз. |
| 100 |
Данные общей обработки |
__ |
| a |
Данные общей обработки |
19180802d2018||||||| 0rusy0189 ca |
| 101 |
Язык документа |
0_ |
| a |
Язык текста |
rus |
| 102 |
Страна публикации |
__ |
| a |
Страна публикации |
RU| |
| 102 |
Страна публикации |
__ |
| a |
Страна публикации |
ru |
| 105 |
Кодированные данные (монография) |
__ |
| a |
Кодированные данные (монография) |
||||||||000zy |
| 200 |
Заглавие и сведения об ответственности |
1_ |
| a |
Заглавие |
Тварь размером с колесо обозрения |
| f |
Первые сведения об ответственности |
Владимир Данихнов |
| b |
Общее обозначение материала |
Текст |
| 210 |
Выходные данные |
__ |
| a |
Место издания |
Москва |
| c |
Издательство |
Э |
| d |
Дата издания |
2018 |
| 215 |
Физическое описание |
__ |
| a |
Объем |
411, [3] с. |
| d |
Формат |
18 см |
| 225 |
Серия |
__ |
| a |
Серия |
Критик Валерия Пустовая рекомендует |
| 330 |
Аннотация |
__ |
| a |
Аннотация |
"Тварь размером с колесо обозрения" - первое реалистическое произведение писателя, получившего признание в качестве молодого талантливого фантаста. Только фантасту это и было под силу: написать о раке такую книгу, в которой болезнь - не самое страшное. Вы поймете, что бояться стоит только самих себя. Роман Владимира Данихнова научит вас не бояться страха. Он откроет, что самые темные наши переживания растут из того же корня, что и самые светлые. В отличие от бога смерти, не знающего разницы между добром и злом, сделанным и несделанным, у человека есть выбор. В том числе - бояться или жить. |
| 333 |
Примечание о целевом назначении |
__ |
| a |
Примечание о целевом назначении |
18+. Запрещено для детей |
| 606 |
Тематические рубрики |
__ |
| a |
Основная рубрика |
Художественная литература |
| 606 |
Тематические рубрики |
__ |
| a |
Основная рубрика |
Современная русская литература (произведения) |
| 610 |
Ключевые слова |
__ |
| a |
Ключевые слова |
проза |
| a |
Ключевые слова |
романы |
| a |
Ключевые слова |
современная проза |
| a |
Ключевые слова |
тема болезни |
| a |
Ключевые слова |
тема борьбы |
| a |
Ключевые слова |
тема борьбы за жизнь |
| a |
Ключевые слова |
тема жизни |
| a |
Ключевые слова |
тема людей |
| a |
Ключевые слова |
тема онкологии |
| a |
Ключевые слова |
тема свободы |
| a |
Ключевые слова |
тема страха |
| a |
Ключевые слова |
философская проза |
| 686 |
Индексы других классификаций |
__ |
| 2 |
Код системы |
rubbks |
| a |
Классификационный индекс |
84(2=411.2)6-4; ст84(2Рос=Рус)6-4 |
| 700 |
Автор |
_1 |
| a |
Фамилия |
Данихнов |
| b |
Имя |
В. Б. |
| f |
Даты |
1981- |
| g |
Полное личное имя |
Владимир Борисович |
| 4 |
Код отношения |
070 |
| 801 |
Источник записи |
_0 |
| a |
Страна |
RU |
| b |
Организация |
Муниципальное бюджетное учреждение культуры "Централизованная библиотечная система" г. Сургут (Центральная городская библиотека им. А. С. Пушкина) |
| c |
Дата составления |
20180802 |
| g |
Правила каталогизации |
rpk |
| 801 |
Источник записи |
_1 |
| a |
Страна |
RU |
| b |
Организация |
Муниципальное бюджетное учреждение культуры "Централизованная библиотечная система" г. Сургут (Центральная городская библиотека им. А. С. Пушкина) |
| c |
Дата составления |
20180802 |
| g |
Правила каталогизации |
rpk |
| 852 |
Данные о местонахождении |
__ |
| j |
Шифр хранения |
84(2=411.2)6-4 |
| i |
Авторский знак |
Д 18 |
| 901 |
Тип документа |
__ |
| t |
Тип документа |
m |
| a |
Ответственный |
ООФиК/Волкова |
| 903 |
Характеристики (МАРС) |
__ |
| a |
Дата передачи |
20180802 |
| 990 |
Данные о заказе (DOS) |
__ |
| j |
Количество экземпляров (DOS) |
5 |
| t |
N записи в КСУ для И/У (DOS) |
201808 |